Philodemus: on poems, books 3-4 : with the fragments of aristotle: on poets /

Guardado en:
Autor Principal: Filodemo
Otros Autores: Aristóteles, Janko, Richard, ed.
Formato: Libro
Publicado: New York : Oxford University Press, 2011
Materias:
Etiquetas: Agregar Etiqueta
Sin Etiquetas, Sea el primero en etiquetar este registro!
LEADER 00670nam a22002175a 4500
001 EHU.bham040821
003 AR-BHAM
005 20110523112136.0
008 130507s2011##################000#0#####d
020 |a 9780199572076 
082 1 8 |a 187 
100 1 |a Filodemo 
245 1 0 |a Philodemus: on poems, books 3-4 :  |b  with the fragments of aristotle: on poets /  |c Filodemo, Aristóteles : 
260 |a New York :  |b Oxford University Press,  |c 2011 
300 |a 629 p. 
600 1 4 |a Philodemus 
653 |a Filosofía griega 
653 |a Literatura griega 
700 1 |a Aristóteles 
700 1 |a Janko, Richard, ed. 
859 |a AR-BHAM  |b BIB. HUMANIDADES - General  |h 187  |i F48  |p 96.11  |t Ej.1